NOVÉ MOŽNOSTI SPOLUPRÁCE FIREM NA BÁZI PRŮMYSLOVÝCH SHLUKŮ

Bibliographic Details
Main Authors: Kožíšková, Hana (Author), Hurta, Josef (Author), Vráblík, Miroslav (Author)
Format: Article
Language:Czech
ISBN:8080690278
808069026X

MARC

LEADER 00000naa a2200000uu 4500
001 vtls011061296
003 SK-MaSNL
005 20260302111932.0
008 220810|2002 xo |||||||||||||||||cze|
015 |a SNBRA 
035 |a (urnnbn)urn:nbn:sk:snk:ar-a0c2vb 
035 |a (uuid)a32e02b7-599d-44d9-9f54-d93c3ba6de6c 
035 |a urn:nbn:sk:snk-aav9dy 
040 |a SNKBUCL  |b slo  |c SNKBUCL  |e AACR2 
041 0 |a cze 
044 |a xo  |c SK 
100 1 |a Kožíšková, Hana  |4 aut  |9 776307 
245 1 0 |a NOVÉ MOŽNOSTI SPOLUPRÁCE FIREM NA BÁZI PRŮMYSLOVÝCH SHLUKŮ  |c Hana Kožíšková, Josef Hurta, Miroslav Vráblík 
246 3 |a NEW POSSIBILITIES OF COMPANIES COLLABORATION ON THE BASIS OF INDUSTRIAL CLUSTERS 
700 1 |a Hurta, Josef  |4 aut  |9 574525 
700 1 |a Vráblík, Miroslav  |4 aut  |9 776308 
773 0 |t Ekonomika a manažment podnikov v procese globalizácie  |d V Nitre : Slovenská poľnohospodárska univerzita, 2002  |g S. 179-185  |z 8080690278  |z 808069026X 
954 |a odborná, vedecká literatúra cudzojazyčná (svetová)  |2 lita 
958 |a OND 
958 |a article12 
958 |a chapter 
999 |c 1249513  |d 1251443